Games & stunts for children / (Record no. 57363)

MARC details
000 -LEADER
fixed length control field 00763nam a22002177a 4500
005 - DATE AND TIME OF LATEST TRANSACTION
control field 2010072205365.0
010 ## - LCCN (DPL NO)
LC control number G-001714
020 ## - INTERNATIONAL STANDARD BOOK NUMBER
Terms of availability 350.00
International Standard Book Number 8188568133
035 ## - SYSTEM CONTROL NUMBER
System control number G-001714
037 ## - SOURCE OF ACQUISITION
Source of stock number/acquisition Gift
082 ## - DEWEY DECIMAL CLASSIFICATION NUMBER
Classification number 793.4
100 ## - MAIN ENTRY--PERSONAL NAME
Personal name Datta, A.K.
245 ## - TITLE STATEMENT
Title Games & stunts for children /
Statement of responsibility, etc A.K. Datta
260 ## - PUBLICATION, DISTRIBUTION, ETC. (IMPRINT)
Place of publication, distribution, etc New Delhi
Name of publisher, distributor, etc Knowledge Plus
Date of publication, distribution, etc 2009
270 ## - ADDRESS
Address 6/15, Punjabi Bagh Extension
City New Delhi
Postal code 110026
300 ## - PHYSICAL DESCRIPTION
Extent 183p.
Dimensions 23cm (Hb)
500 ## - GENERAL NOTE
General note Includes bibliographical references and index
700 ## - ADDED ENTRY--PERSONAL NAME
9 (RLIN) 2116
942 ## - ADDED ENTRY ELEMENTS (KOHA)
Source of classification or shelving scheme Dewey Decimal Classification
Item type English Books
Call number suffix DAT
Classification part 793.4
Holdings
Withdrawn status Lost status Not for loan Collection code Home library Current library Date acquired Source of acquisition Cost, normal purchase price Full call number Barcode Copy number Cost, replacement price Koha item type
Withdrawn     Non-fiction Janak Puri Janak Puri 07/10/2011 gift 350.00 793.4 DAT G-001714 1 350.00 Children Books

© Delhi Public Library
Hit Counter
free hit counter